000 00221nam a2200097Ia 4500
008 240331s9999 xx 000 0 und d
082 _bMAN
100 _aUTHER. ed
245 0 _aManitha urimayum emathu poraddamum
942 _cL
999 _c2488
_d2488